| 000 | 00970cam a22003251a 4500 | ||
|---|---|---|---|
| 001 | agr55000013 | ||
| 003 | DLC | ||
| 005 | 20260227111017.0 | ||
| 008 | 730503s1938 dcuab b f001 0 eng | ||
| 010 | _aagr55000013 | ||
| 035 | _a(OCoLC)615786 | ||
| 040 |
_aDLC _cOKentU _dDNAL _dOCoLC _dPGraM _dMoSU-L _dDLC |
||
| 042 | _apremarc | ||
| 050 | 0 | 0 |
_aS21 _b.A35 1938 |
| 070 | 0 |
_a1 _bAg84Y 1938 |
|
| 072 | 0 | _aJ800 | |
| 074 | _a6 | ||
| 086 | 0 | _aA 1.10:938 | |
| 245 | 0 | 0 | _aSoils and men. |
| 260 |
_aWashington D.C. : _bU.S. Dept. of Agriculture, _c[1938] |
||
| 300 |
_a1232 p. : _bill., maps ; _c24 cm. |
||
| 490 | 1 |
_aYearbook of agriculture ; _v1938 |
|
| 500 | _aIncludes index. | ||
| 500 | _aFolded col. map attached to back cover. | ||
| 504 | _a"Literature cited": p. 1181-1207. | ||
| 650 | 0 | _aSoils. | |
| 650 | 0 |
_aSoil conservation _zUnited States. |
|
| 650 | 0 |
_aSoils _zUnited States. |
|
| 830 | 0 |
_aYearbook of agriculture (Washington, D.C. : 1926) ; _v1938. |
|
| 999 |
_c11534 _d11534 |
||